000 00835nam a2200229 a 4500
001 57640
003 BD-RjUL
005 20211209080534.0
008 161211s1959 pk b 000 0 ben
035 _a(BD-RjUL)57764
040 _aDLC
_cOClU
_dBD-RjUL
_bben/eng
041 _aben
082 0 0 _a100
_bBAM 1959
_223
100 1 _aবরকতুল্লাহ, মোহম্মদ
_98378
245 1 0 _aমানুষের ধর্ম্ম /
_cমোহম্মদ বরকতুল্লাহ
250 _a৩য় (পরিবর্দ্ধিত) সং
260 _aঢাকা :
_bগ্রেট-ইষ্ট লাইব্রেরী,
_c১৯৫৯
300 _a[৮], ২২১, [১১] পৃ. ;
_c১৯ সেমি.
650 0 _aদর্শন
_98216
650 0 _aPhilosophy
_98379
942 _2ddc
_cBK
999 _c57640
_d57640